| 000 | 00815nam a22002777a 4500 | ||
|---|---|---|---|
| 001 | 4345 | ||
| 003 | FISKH | ||
| 005 | 20240802161136.0 | ||
| 008 | 240731b cb ||||| |||| 00| 0 eng d | ||
| 020 | _a9780545060950 | ||
| 040 |
_aFISKH _beng _cFISKH _dFISKH |
||
| 050 | _aPZ7 | ||
| 082 | _a612.82 | ||
| 100 | _aMartell, Ted | ||
| 245 | _aYour brain / | ||
| 260 |
_aNew York : _bScholastic, _c2008. |
||
| 300 |
_a16 pages : _bcolor illustrations ; _c23 cm |
||
| 490 | _aScience Vocabulary Readers | ||
| 505 | _aK | ||
| 520 | _aYour brain is your body's computer. It tells you body what to do. Open this book to learn all about your brilliant Brain! | ||
| 521 | 8 |
_a510
_bLexile |
|
| 521 | 8 |
_aK
_bLexile |
|
| 650 |
_aHuman Body _vScience _xHealth |
||
| 942 |
_2ddc _cBK _n0 |
||
| 999 |
_c4345 _d4345 |
||